00915nam a22002653i 4500999001500000001001900015003000400034005001700038006001900055007001500074008004100089020001800130040001400148100002100162245017700183264003900360300001100399490002000410650003700430700002000467700002200487830002000509942000800529952011200537 c8042d8042991061498059206706OSt20251118123240.0m o d | cr#cnu||||||||250913s2025 xx o ||||0 spa d a9788411661695 cCDMRbcat1 aAbrines, Marian.10aLibro Blanco de la Comunicación Interna de DIRCI :bTodo lo Que Hay Que Saber Sobre la Disciplina y Sus Aplicaciones /cMarian Abrines, Laura Verazzi, and Jennifer Sproul 1aBarcelona :bEditorial UOC,c2025. a168 p.1 aManuales Series 092798aComunicació en l'empresa1 aVerazzi, Laura.1 aSproul, Jennifer. 0aManuales Series cMON 00104070aCDMRbCDMRd2025-11-18eDonacióg18.00l0oCm 3/67pCDMR25111258r2025-11-18w2025-11-18yMON